00282nam a22000977a 4500008004100000020001800041082001600059100001600075245006100091260003200152200220b ||||| |||| 00| 0 eng d a9788173711466 a420.920 TIW aTIWARI Arun aAPJ Abdul Kalam Wings Of FirebAn AutobiographyhEnglish aNew DelhibUniversity Press